000 00978nam a22002777a 4500
001 5094
003 FISKH
005 20241106085548.0
008 241106b cb ||||| |||| 00| 0 eng d
020 _a9780590684446
040 _aFISKH
_beng
_cFISKH
_dFISKH
050 _aD769.A6
082 _a940.53
100 _aStanley, Jerry
245 _aI Am an American :
_bA True Story of Japanese Internment /
_cby Jerry Stanley : illustrated with Photograph
250 _aFirst Scholastic printing, March 1998
260 _aNew York :
_bScholastic ;
_c1994 .
300 _a102 pages :
_billustrations, maps ;
_c24 cm .
505 _aZ
520 _aChronicles the internment of Japanese-Americans during the war and what the federal and state governments did after World War II to compensate the Japanese-Americans.
521 8 _a1180
_bLexile
521 8 _aZ
_bRaz-plus
650 _aAmerican history
_vnon-fiction
942 _2ddc
_cBK
_n0
999 _c5094
_d5094